Xipe Totek : Revista de Filosofía y Ciencias Sociales : vol. XII, no. 1, no. de publicación 45, 31 de marzo 2003 /

Guardat en:
Dades bibliogràfiques
Altres autors: Manzano Vargas, Jorge (dirección) (dirección)
Format: Llibre
Idioma:espanyol
Publicat: Guadalajara, México : Instituto Libre de Filosofía y Ciencias, 2003
Etiquetes: Afegir etiqueta
Sense etiquetes, Sigues el primer a etiquetar aquest registre!

MARC

LEADER 00000nam^a2200000^a^4500
001 000631754
005 20260513000000.0
009 20260526154612.356
037 |a Acervo Xavier Clavigero 
041 |a ESP 
091 |a FHG. 02175 
240 1 1 |a [Xipe Totek: Revista Trimestral del Departamento Filosofía y Humanidades] 
240 1 1 |a [Xipe Totek: Revista de Filosofía y Ciencias Sociales] 
245 0 0 |a Xipe Totek :  |b Revista de Filosofía y Ciencias Sociales : vol. XII, no. 1, no. de publicación 45, 31 de marzo 2003 / 
264 1 |a Guadalajara, México :  |b Instituto Libre de Filosofía y Ciencias,  |c 2003 
300 |a 110 p. 
336 |a texto  |b txt  |2 rdacontenido 
337 |a sin mediación  |b n  |2 rdamedio 
338 |a volumen  |b nc  |2 rdasoporte 
649 |a XX 
700 |a Manzano Vargas, Jorge  |e (dirección) 
910 |a Fondo Humberto García Bedoy S.J. 
920 |a Impresos - Libros 
930 |a Fondos Especiales 
905 |a 148 
901 |a 631819-10  |b IT2  |c ESP  |i D  |u 20260513 
902 |a https://opac.biblio.iteso.mx/vufind/Record/000631754